Oliver Twist

Bibliographic Details
Main Authors: Tavner, Gill (Author), Dickens, Charles, 1812-1870 (Author)
Other Authors: Donnelly, Karen (Illustrator), Zvončeková, Dáša, 1953-2024 (Translator)
Format: Book
Language:Slovak
English
PhysicalDescription:63 s. fareb. ilustr. 20 cm
Published: Bratislava Slovart 2013
ISBN:9788055607696
Series:Svetová čítanie Real reads
Subjects:

MARC

LEADER 00000cam a2200000 a 4500
001 vtls010494990
003 SK-MaSNL
005 20260301085831.0
008 240315s2013 xo a c 000 f slo
015 |a SNBA2013/05 
020 |a 9788055607696  |q (brož.) 
040 |a SNK  |b slo  |c SNK  |e AACR2 
041 1 |a slo  |h eng 
044 |a xo  |c SK 
072 7 |a 821.111-3  |x Anglická próza, anglicky písaná  |2 konspekt 
072 7 |a 821-93  |x Literatúra pre deti a mládež (beletria)  |2 konspekt 
080 |a 821.111-31  |2 2001 
080 |a 821-93  |2 2001 
100 1 |a Tavner, Gill  |4 aut  |9 333407 
240 1 0 |a Oliver Twist  |l Slovensky 
245 1 0 |a Oliver Twist  |c Charles Dickens ; prozprávala Gill Tavner ; ilustrovala Karen Donnelly ; [z anglického originálu preložila Dáša Zvončeková] 
260 |a Bratislava  |b Slovart  |c 2013 
300 |a 63 s.  |b fareb. ilustr.  |c 20 cm 
490 1 |a Svetové čítanie Real reads 
655 7 |a anglické romány  |2 SNKPH  |9 70428 
655 7 |a publikácie pre deti  |2 SNKPH  |9 70148 
655 7 |a English fiction  |2 SNKPHeng  |9 109944 
655 7 |a Children's literature  |2 SNKPHeng  |9 276039 
700 1 |a Dickens, Charles,  |d 1812-1870  |4 aut  |9 90076 
700 1 |a Donnelly, Karen  |4 ill  |9 416589 
700 1 |a Zvončeková, Dáša,  |d 1953-2024  |4 trl  |9 103285 
830 0 |a Svetová čítanie Real reads  |9 416590 
852 |a Štátna vedecká knižnica v Banskej Bystrici 
919 |a 978-80-556-0769-6 
958 |a UP 
958 |a LX 
958 |a DB 
968 |b ENG 
999 |c 666775  |d 668705 
952 |a SNK  |b SNK  |y PREZ  |7 0  |p 17A1066901  |o snkSD 82025  |i snk2013/9074  |8 0  |0 0  |1 0  |4 0  |d 2013-04-19  |l 0  |r 2025-12-04 00:00:00  |w 2026-02-23 
952 |a SNK  |b SNK  |y VYP  |7 0  |p 17A1066902  |o snkSD 82025 D1  |i snk2013/9075  |8 0  |0 0  |1 0  |4 0  |d 2013-04-19  |l 0  |r 2017-06-30 00:00:00  |w 2026-02-23